LEADER 01035nam a2200241 4500 001 000000357427 003 CaOOAMICUS 005 20240404111133.0 008 240304s2014 it 000 u ita r 020 $a978-88-454-2581-3 040 $aSeMil$bita 100 1 $aMiriano, Costanza,$d<1970- >.$0(OLS)http://semarc/name/113834 245 10$aObbedire è meglio :$ble regole della Compagnia dell'agnello /$cCostanza Miriano. 264 1$aVenezia :$bSonzogno,$c2014. 300 $a173 p. ;$c21 cm 650 4$aMatrimonio - Famiglia - Morale cristiana.$0(OLS)http://semarc/subject/53257 850 $aSeMil 852 $aSeMil$W1$xVenegono$y1$m2E II 378$j247340$B248602$CSeMilBibl$Z2$F248602 $81 961 $aBrambilla don Paolo - Omaggio 996 $6020$a978-88-454-2581-3$9(OLS)http://semarc/number/299916 996 $6245$aObbedire è meglio :$ble regole della Compagnia dell'agnello$9(OLS)http://semarc/title/447668 996 $6264$aVenezia :$bSonzogno$9(OLS)http://semarc/publisher/59790 LEADER 00911nam a2200241 i 4500 001 000000107281 003 CaOOAMICUS 005 20061212000000.0 008 061212s1968 it u000 u mul u 013 $a79509 040 $aSeMil$bita 100 1 $aPublilius : Syrus.$0(OLS)http://semarc/name/45131 245 10$aSententiae /$cPublilio Siro ; a cura di Francesco Giancotti. 260 $aTorino :$bGiappichelli,$c1968. 300 $a127 p. ;$c25 cm. 490 0 $aTesti universitari 700 1 $aGiancotti, Francesco <1923->.$0(OLS)http://semarc/name/32693 830 0$aTesti universitari.$0(OLS)http://semarc/title/20500 850 $aSeMil 852 $aSeMil$W1$xVenegono$y1$m1E I 56$j63377$B63377$CSeMilBibl$Z2$F119034 $81 961 $aOmaggio: Villa don Cesare 996 $6245$aSententiae$9(OLS)http://semarc/title/155656 996 $6260$aTorino :$bGiappichelli$9(OLS)http://semarc/publisher/31793